Lịch sử tư tưởng quân sự Việt Nam
Nội dung tập 4 trình bày: quá trình phát triển của cuộc kháng chiến chống thực dân pháp và đế quốc Mỹ xâm lược 1945-1975; chiến tranh nhân dân và nghệ thuật quân sự; xây dựng lực lượng vũ trang nhân dân Việt Nam....
Kaydedildi:
| Kurumsal yazarlar: | , |
|---|---|
| Materyal Türü: | Kitap |
| Dil: | Undetermined |
| Baskı/Yayın Bilgisi: |
Hà Nội
Chính trị Quốc gia
2014
|
| Konular: | |
| Etiketler: |
Etiketle
Etiket eklenmemiş, İlk siz ekleyin!
|
| Thư viện lưu trữ: | Trung tâm Học liệu Trường Đại học Cần Thơ |
|---|
| LEADER | 01045nam a2200229Ia 4500 | ||
|---|---|---|---|
| 001 | CTU_207073 | ||
| 008 | 210402s9999 xx 000 0 und d | ||
| 020 | |c 89000 | ||
| 082 | |a 959.70434 | ||
| 082 | |b V305/T.4 | ||
| 110 | |a Bộ Quốc phòng | ||
| 110 | |b Viện lịch sử Việt Nam | ||
| 245 | 0 | |a Lịch sử tư tưởng quân sự Việt Nam | |
| 245 | 0 | |c Bộ Quốc phòng. Viện lịch sử Việt Nam | |
| 260 | |a Hà Nội | ||
| 260 | |b Chính trị Quốc gia | ||
| 260 | |c 2014 | ||
| 520 | |a Nội dung tập 4 trình bày: quá trình phát triển của cuộc kháng chiến chống thực dân pháp và đế quốc Mỹ xâm lược 1945-1975; chiến tranh nhân dân và nghệ thuật quân sự; xây dựng lực lượng vũ trang nhân dân Việt Nam. | ||
| 650 | |a Quân đội,Military | ||
| 650 | |z Việt Nam,Vietnnam | ||
| 904 | |i Tuyến | ||
| 980 | |a Trung tâm Học liệu Trường Đại học Cần Thơ | ||